000 00669nam a2200229 i 4500
005 20260506211641.0
008 260506n xxx||||| |||| 00| 0 eng d
040 _c.
082 0 4 _221
_a341.762
245 0 0 _aPalestine Digest (volume 3, issue no. 4)
300 _avolumes ;
_c28 cm
310 _aUnknown
336 _2rda content
_aText
337 _2rda media
_aunmediated
338 _2rda carrier
_avolume
362 0 _avolume 3, issue no. 4
650 _aEnvironmental law, International
_vPeriodicals
651 _aPalestine
_xHistory
_vPeriodicals
856 _uhttps://fll.law.cu.edu.eg/fulltext/cr/B11-09984.pdf
905 _a162
942 _2ddc
_cCR
_n0
999 _c76065
_d76065